000 00650nam a2200205 a 4500
005 20240913063800.0
008 991125c1988 bar 000 0 spa u
020 _a8427012101
035 _aUPN01000013763
049 _aCG
050 4 _aHV9076
_bR8.38
100 1 _aRutter, Michael
245 1 0 _aDelincuencia juvenil /
_cMichael Rutter, Henri Giller ; tr. Montserrat Goma i Freixanet.
260 _aBarcelona (Esp.) :
_bMartínez Roca,
_c1988.
300 _a295 p. :
_bil.
440 0 _aBiblioteca de psicología, psiquiatría y salud. Universidad
650 4 _aDelincuencia juvenil
_99217
700 1 _aGiller, Henri,
_ecoaut.
905 _aLibro
999 _c13763
_d13763